Statistics for Premier League Hall of Fame

Click here to take the quiz!

General Stats

  • This quiz has been taken 46 times
    (22 since last reset)
  • The average score is 22 of 24

Answer Stats

NationalityPositionClubs played forAnswer% Correct
EnglishSTBlackburn, NewcastleAlan Shearer
100%
CzechGKChelsea, ArsenalPetr Cech
100%
IrishCMNottingham Forest, Man UnitedRoy Keane
100%
ArgentineSTMan CitySergio Aguero
100%
ScottishManagerMan UnitedSir Alex Ferguson
100%
FrenchST/LWArsenalThierry Henry
100%
FrenchManagerArsenalArsene Wenger
95%
DutchCFArsenalDennis Bergkamp
95%
IvorianSTChelseaDidier Drogba
95%
DanishGKMan United, Aston Villa, Man CityPeter Schmeichel
95%
EnglandSTNewcastle, Man United, Blackburn, Fulham, Man City, Portsmouth, SunderlandAndy Cole
90%
EnglishLBArsenal, ChelseaAshley Cole
90%
EnglishRMMan UnitedDavid Beckham
90%
FrenchCF/STLeeds, Man UnitedEric Cantona
90%
EnglishCMWest Ham, Chelsea, Man CityFrank Lampard
90%
EnglandCBChelseaJohn Terry
90%
EnglishCMMan UnitedPaul Scholes
90%
BelgianCBMan CityVincent Kompany
90%
EnglishCBWest Ham, Leeds, Man United, QPRRio Ferdinand
85%
EnglishCMLiverpoolSteven Gerrard
85%
EnglishST/CFEverton, Man UnitedWayne Rooney
85%
EnglishSTArsenal, West HamIan Wright
80%
FrenchCMArsenal, Man CityPatrick Vieira
80%
EnglishCBArsenalTony Adams
65%

Score Distribution

Percentile by Number Answered

Percent of People with Each Score

Your Score History

You have not taken this quiz since the last reset